LIBRARY & INFORMATION CENTRE, KCAET, TAVANUR

ONLINE PUBLIC ACCESS CATALOGUE (OPAC)

Indiayil sahakaranathinte ezhupathanju varshangal / (Record no. 4846)

MARC details
000 -LEADER
fixed length control field 00477cam a2200169ua 4500
041 ## - LANGUAGE CODE
Language code of text/sound track or separate title mal
082 ## - DEWEY DECIMAL CLASSIFICATION NUMBER
Classification number 334.01
Item number MAD/IN
100 ## - MAIN ENTRY--AUTHOR NAME
Personal name Madhusoodanan Pillai, S .
245 ## - TITLE STATEMENT
Title Indiayil sahakaranathinte ezhupathanju varshangal /
260 ## - PUBLICATION, DISTRIBUTION, ETC. (IMPRINT)
Place of publication Thiruvananthapuram :
Name of publisher State Instititute of Languages ,
Year of publication 1980.
300 ## - PHYSICAL DESCRIPTION
Number of Pages 138 ; .
942 ## - ADDED ENTRY ELEMENTS (KOHA)
Koha item type Books
Holdings
Withdrawn status Lost status Damaged status Home library Current library Date acquired Full call number Accession Number Koha item type
      KAUAET KAUAET 07/04/2012 334.01 14312 Books
free website counter